000 00440nam a2200193Ia 4500
005 20240823034928.0
008 240823s9999||||xx |||||||||||||| ||und||
020 _a81-87496-39-8
041 _aENGLISH
082 _A983.0646 P4
100 _aAriel Dorfman et al.
245 0 _aChile:The other September 11
250 _a1st
260 _c2004
_bLeft
500 _aYES
650 _aNovel
_bEnglish
942 _cBK
999 _c199466
_d199466